| 000 | 00573nam a2200181 a 4500 | ||
|---|---|---|---|
| 082 |
_a951.9042 _bGUG _cL-30, P-107 |
||
| 100 | 1 |
_aGugelar, Russell A. _949061 |
|
| 245 | 1 | _aCombat Actions in Korea | |
| 260 |
_aIslamabad : _bPringting Corporation of Pakistan , _c19-? |
||
| 300 | _a260p. | ||
| 526 |
_a0 _b0 _c0 _d951_904200000000000_GUG |
||
| 526 |
_a0 _b0 _c0 _d951_904200000000000_GUG |
||
| 526 |
_a0 _b0 _c0 _d951_904200000000000_GUG |
||
| 526 |
_a0 _b0 _c0 _d951_904200000000000_GUG |
||
| 650 | 0 |
_aCambat -- Handbooks -- Korea _949062 |
|
| 650 | 0 |
_aMCE _9379 |
|
| 942 |
_2ddc _cBK |
||
| 999 |
_c551895 _d551895 |
||